বাংলাদেশের নদীকোষ / (Record no. 11484)
[ view plain ]
| 000 -LEADER | |
|---|---|
| fixed length control field | 00751nam a2200241 a 4500 |
| 001 - CONTROL NUMBER | |
| JCCL Control Number | 11484 |
| 003 - CONTROL NUMBER IDENTIFIER | |
| JCCL marc code | BD-JhCC |
| 005 - DATE AND TIME OF LATEST TRANSACTION | |
| control field | 20190928084640.0 |
| 008 - FIXED-LENGTH DATA ELEMENTS--GENERAL INFORMATION | |
| fixed length control field | 190626b20112018bg a|||| ||a| 001 0 Mul d |
| 020 ## - INTERNATIONAL STANDARD BOOK NUMBER | |
| International Standard Book Number | 9789849164357 |
| 035 ## - SYSTEM CONTROL NUMBER | |
| system control number | (BD-JhCC) |
| 040 ## - CATALOGING SOURCE | |
| Original cataloging agency | BD-JhCC |
| Modifying agency | BD-JhCC |
| 041 ## - LANGUAGE CODE | |
| Language code of Book | Mul |
| 082 ## - DEWEY DECIMAL CLASSIFICATION NUMBER | |
| Author mark and Year | BIS 2018 |
| Classification number | 915.492 |
| 100 ## - MAIN ENTRY--PERSONAL NAME | |
| Personal name | বিশ্বাস, অশোক |
| 245 ## - TITLE STATEMENT | |
| Title | বাংলাদেশের নদীকোষ / |
| Statement of responsibility, etc | অশোক বিশ্বাস । |
| 260 ## - PUBLICATION, DISTRIBUTION, ETC. (IMPRINT) | |
| Place of publication, distribution, etc | ঢাকা: |
| Name of publisher, distributor, etc | বেঙ্গল পাবলিকেশন্স; |
| Date of publication, distribution, etc | ২০১৮. |
| 300 ## - PHYSICAL DESCRIPTION | |
| Pagination | ৫১১ পৃ. : |
| Other physical details | ill; |
| Dimensions | ২২ সেমি. |
| 650 ## - SUBJECT ADDED ENTRY--TOPICAL TERM | |
| Topical term or geographic name as entry element | Travel |
| Geographic subdivision | Bangladesh |
| 650 ## - SUBJECT ADDED ENTRY--TOPICAL TERM | |
| Topical term or geographic name as entry element | River |
| 942 ## - ADDED ENTRY ELEMENTS (KOHA) | |
| Source of classification or shelving scheme | Dewey Decimal Classification |
| Koha item type | Books |
| Source of classification or shelving scheme | Damaged status | Not for loan | Home library | Current library | Shelving location | Date of accession | Cost, normal purchase price | Total Checkouts | Full call number | Barcode | Date last seen | Copy number | Koha item type |
|---|---|---|---|---|---|---|---|---|---|---|---|---|---|
| Dewey Decimal Classification | JCC Rouf Library | JCC Rouf Library | General Stacks | 06/26/2019 | 650.00 | 915.492 BIS 2018 | 15690 | 09/26/2019 | C-1 | Books |